South American Capital per Letter Quiz Stats

 Plays Quiz Updated Oct 6, 2017

Score 0/9 Timer 01:30
2 Plays Today
Letter Sample Capital % Correct
BBogotá
97.6%
LLima
94.8%
QQuito
87.7%
SSantiago
82.9%
CCaracas
80.5%
MMontevideo
76.7%
AAsunción
69.2%
GGeorgetown
59.3%
PParamaribo
48.4%

You're not logged in!

Compare scores with friends on all Sporcle quizzes.
OR
Log In

You Might Also Like...

Show Comments

Extras

Top Quizzes Today


Score Distribution

Your Account Isn't Verified!

In order to create a playlist on Sporcle, you need to verify the email address you used during registration. Go to your Sporcle Settings to finish the process.

Report this User

Report this user for behavior that violates our Community Guidelines.

Details: